Metateoría del sistema normativo

Uloženo v:
Podrobná bibliografie
Hlavní autor: Kalinowski, Georges (autor)
Médium: Kniha
Jazyk:španělština
Vydáno: Mendoza Idearium, Universidad de Mendoza 1980
Témata:
Tagy: Přidat tag
Žádné tagy, Buďte první, kdo vytvoří štítek k tomuto záznamu!

MARC

LEADER 00000nam a2200000 a 4500
001 UCV1600
003 CL-VaPUC
008 900829e19800000AG |||||||||||||||||spa|d
082 0 4 |a 340.15  |b KAL  |2 21 
100 |a Kalinowski, Georges  |e autor  |9 256507 
245 1 0 |a Metateoría del sistema normativo 
300 |a 41 p 
942 |c BK 
945 |d 19900829 00:00:00 
260 |a Mendoza  |b Idearium, Universidad de Mendoza  |c 1980 
650 0 |a Filosofía del derecho   |9 255050 
583 |a last modification  |c 19900829 00:00:00  |k Rodrigo Vera 
999 |c 209523  |d 209521 
952 |0 0  |1 0  |4 0  |6 340_150000000000000_KAL_1980  |7 0  |8 DER_TF  |9 184964  |a BIBDER  |b BIBDER  |d 2019-11-14  |i 2522861  |o 340.15 KAL 1980  |p 2522861  |r 2023-01-25  |w 2019-11-14  |x Ubicación 4to Piso  |y BK  |z Estos recursos deben solicitarse con anticipación  |k DER